España artística y monumental

Gorde:
Xehetasun bibliografikoak
Formatua: Liburua
Hizkuntza:gaztelania
Argitaratua: Barcelona M. Seguí 1900
Gaiak:
Etiketak: Etiketa erantsi
Etiketarik gabe, Izan zaitez lehena erregistro honi etiketa jartzen!

MARC

LEADER 00000nam a2200000 a 4500
001 UCZ6155
003 CL-VaPUC
008 951201e19000000SP |||||||||||||||||spa|d
082 0 4 |a 720.946  |b ESP  |2 21 
245 1 0 |a España artística y monumental 
300 |a v 
942 |c BK 
945 |d 19951201 00:00:00  |a cmena 
260 |a Barcelona  |b M. Seguí  |c 1900 
650 0 |a Arquitectura  |9 804558 
650 0 |a Monumentos  |9 265246 
650 0 |a Bellas artes  |9 334299 
651 0 |a España  |9 254926 
583 |a last modification  |c 19951201 00:00:00  |k Rodrigo Vera 
999 |c 242411  |d 242409 
952 |0 0  |1 0  |4 0  |6 720_946000000000000_ESP_1900  |7 0  |8 X  |9 255343  |a BIBEDU  |b BIBEDU  |d 2019-11-19  |h v.1  |i 1600095  |o 720.946 ESP 1900  |p 1600095  |r 2023-01-13  |w 2019-11-19  |y BK_X  |k FIL 
952 |0 0  |1 0  |4 0  |6 720_946000000000000_ESP_1900  |7 0  |8 X  |9 255344  |a BIBEDU  |b BIBEDU  |d 2019-11-19  |h v.2  |i 1600028  |o 720.946 ESP 1900  |p 1600028  |r 2023-01-13  |w 2019-11-19  |y BK_X  |k FIL